La strada = La strada /
Cuarto largometraje dirigido por Federico Fellini, en el que un fortachón tiraniza a la pequeña y tímida mujer con quien monta un espectáculo callejero y quien le fuera vendida por unas cuantas monedas. Cuando ella cree enamorarse de un acróbata, le viene una confusión de sentimientos, porque consid...
Kaydedildi:
| Yazar: | |
|---|---|
| Diğer Yazarlar: | , , , , , , , , , |
| Materyal Türü: | |
| Dil: | İtalyanca |
| Baskı/Yayın Bilgisi: |
Italia :
Ponti : Dino De Laurentiis,
1954
|
| Seri Bilgileri: | (Serie de Colección)
|
| Konular: | |
| Etiketler: |
Etiket eklenmemiş, İlk siz ekleyin!
|
MARC
| LEADER | 00000ngm^a2200000^a^4500 | ||
|---|---|---|---|
| 001 | 000187428 | ||
| 005 | 20250521000000.0 | ||
| 009 | 20260310102301.628 | ||
| 037 | |a Acervo ITESO - Biblioteca | ||
| 041 | |a ITA | ||
| 082 | |a 850. |b FEL | ||
| 100 | |a Fellini, Federico |e (realización) | ||
| 240 | 1 | 4 | |a [La calle] |
| 240 | 1 | 4 | |a [La strada] |
| 245 | 1 | 3 | |a La strada = |b La strada / |c Realización de F. Fellini. |
| 246 | 2 | |a Título en México: La calle [salas de cine] | |
| 246 | 2 | |a Título en México: La strada [DVD] | |
| 264 | 1 | |a Italia : |b Ponti : |b Dino De Laurentiis, |c 1954 | |
| 264 | 2 | |a México : |b Zima Entertainment [distribución], |c copyright fecha no identificada | |
| 300 | |a 1 DVD regiones 1 y 4 (108 min.) : |b blanco y negro | ||
| 336 | |a imagen móvil bidimensional |b tdi |2 rdacontenido | ||
| 337 | |a video |b v |2 rdamedio | ||
| 338 | |a videodisco |b vd |2 rdasoporte | ||
| 440 | 1 | |a (Serie de Colección) | |
| 520 | |a Cuarto largometraje dirigido por Federico Fellini, en el que un fortachón tiraniza a la pequeña y tímida mujer con quien monta un espectáculo callejero y quien le fuera vendida por unas cuantas monedas. Cuando ella cree enamorarse de un acróbata, le viene una confusión de sentimientos, porque considera que quizá su tirano pudiera estar enamorado de ella. | ||
| 530 | |a Existe una edición en formato audiovisual en blu-ray con el mismo título | ||
| 530 | |a Existe una edición en formato audiovisual en VHS con el título: The Road | ||
| 530 | |a Existe una edición en formato impreso con el mismo título | ||
| 545 | 0 | |a Federico Fellini (1920-1993) tal vez sea el director italiano de cine que mayor reconocimiento ha alcanzado entre espectadores de todo el mundo, al punto que el adjetivo felliniano sea empleado para describir expresiones semejantes a las de su muy personal estilo y universo fílmicos. El cineasta italiano incursiona en 1938 en el dibujo de historietas gráficas, otra de sus facetas creativas, ingresa al cine con algunas intervenciones actorales y continúa su formación en pleno auge del neorrealismo, con sus colaboraciones en Roma ciudad abierta (1945), Paisa (1946) y Francesco, giullare di Dio (1950), de Roberto Rossellini. La Strada (1954) y Las noches de Cabiria (1957) despuntan en la primera etapa de su filmografía, caracterizada por un esquema muy similar: una persona está a punto de ser corrompida por el ambiente en que vive, pero cuando todo parece inevitable, consigue superarlo gracias a su bondad, planteamiento muy influido por el neorrealismo y la democracia cristiana italiana. La dolce vita (1960) supone una variación de su estilo y el arranque de una segunda fase de su obra, de la que pueden citarse títulos como: Ocho y medio (1963), reflexión sobre sí mismo y su cine; Roma (1972) y Amarcord (1973), narraciones que alternan el sueño y el recuerdo; Ginger y Fred (1985), crítica a la televisión protagonizada por los intérpretes fellinianos por excelencia que fueron Marcello Mastroianni y Giulietta Masina; Y la nave va (1983) y Entrevista (1987). | |
| 546 | |a En italiano, con subtítulos opcionales: español | ||
| 585 | |a Exposición DIA 2023-01 / Las mejores películas de todos los tiempos según críticos y cineastas | ||
| 586 | |a Premio BAFTA, de la Academia Británica de Cine y Televisión (9°: 1955): Mejor Película (finalista) | ||
| 586 | |a Premio Bodil, de la Asociación Danesa de Críticos de Cine (9°: 1956): Mejor Película Europea (ganadora) | ||
| 586 | |a Premio Oscar, de la Academia Norteamericana de Cine (29°: 1956): Mejor Película en Lengua No Inglesa (ganadora, representante de Italia) | ||
| 586 | |a Mejores Películas del Cine Italiano: 100 películas para salvar de los años 1942-1978 (2008) | ||
| 586 | |a Mejores Películas de la Historia: Encuesta de la revista Sight and Sound, selección de cineastas (1992): 4ª | ||
| 586 | |a Mejores Películas de la Historia: Encuesta de la revista Sight and Sound, selección de cineastas (2012): 26ª, ex aequo | ||
| 586 | |a Mejores Películas de la Historia: Encuesta de la revista Sight and Sound, selección de cineastas (2022): 38ª, ex aequo | ||
| 649 | |a XX | ||
| 650 | |a Mujeres en el Cine | ||
| 650 | |a Road Movies | ||
| 650 | |a Dramas Cinematográficos | ||
| 650 | |a Neorrealismo (Cine) | ||
| 650 | |a Cine en Blanco y Negro - |z Italia | ||
| 650 | |a Cine Italiano - |y 1950-1959 | ||
| 650 | |a Cine Italiano - |y Siglo XX | ||
| 650 | |a Explotación | ||
| 650 | |a Incomunicación | ||
| 650 | |a Melancolía y Nostalgia | ||
| 650 | |a Tristeza | ||
| 650 | |a Amor | ||
| 650 | |a Circo en el Cine | ||
| 650 | |a Espectáculos Populares en el Cine | ||
| 700 | |a Fellini, Federico |e (guión) | ||
| 700 | |a Pinelli, Tullio |e (guión) | ||
| 700 | |a Flaiano, Ennio |e (guión) | ||
| 700 | |a Martelli, Otello |e (fotógrafo) | ||
| 700 | |a Marinari, Margherita |e (vestuario) | ||
| 700 | |a Cattozzo, Leo |e (montaje) | ||
| 700 | |a Rota, Nino |e (música) | ||
| 700 | |a Quinn, Anthony |e (actuación) | ||
| 700 | |a Masina, Giulietta |e (actuación) | ||
| 700 | |a Basehart, Richard |e (actuación) | ||
| 910 | |a Fondo General | ||
| 920 | |a Audiovisuales - DVDs | ||
| 940 | |a Películas | ||
| 905 | |a 302 | ||
| 901 | |a 0500088804 |b IT2 |c DVS |u 20250521 | ||
| 901 | |a 0500215218 |b IT2 |c DVS |i D59766 |u 20250521 | ||
| 902 | |a https://opac.biblio.iteso.mx/vufind/Record/000187428 | ||